000 00325 a2200157 4500
001 177289
020 _a
040 _cMagnum
100 _aMoraes, Liani
240 1 0 _aSos animals
_lING
245 1 0 _aSos animals
362 0 _a1899
440 1 _aAtual Editora
697 _aMAGNITO: LITERATURA ESTRANGEIR
942 _cBK
999 _c177289
_d177289